[Event "Innsbruck op-B 3rd"]
[Site "Innsbruck"]
[Date "2019.08.28"]
[Round "6"]
[White "Vardi, Shlomit"]
[Black "Schweighofer, Josef"]
[Result "1-0"]
[WhiteElo "1925"]
[BlackElo "1816"]
[PlyCount "53"]
[EventDate "2019.08.25"]
[EventType "swiss"]
[EventRounds "9"]
[EventCountry "AUT"]
[SourceTitle "EXT 2020"]
[Source "ChessBase"]
[SourceDate "2019.10.17"]
[SourceVersion "1"]
[SourceVersionDate "2019.10.17"]
[SourceQuality "1"]

1. e4 c5 2. Nc3 g6 3. g3 Bg7 4. Bg2 Nc6 5. Nge2 d6 6. d3 Nf6 7. a3 0-0 8. 0-0 Rb8 9. Rb1 a5 10. a4 Bd7 11. Nb5 Ne8 12. c3 Qb6 13. Be3 Nc7 14. b4 Ne6 15. bxc5 dxc5 16. f4 Na7 17. f5 Nc7 18. Na3 Qc6 19. e5 Qxa4 20. Qxa4 Bxa4 21. f6 Bh8 22. Bxc5 Nc6 23. d4 Rfe8 24. fxe7 Bg7 25. Bd6 Rbc8 26. Rxb7 Na8 27. Bd5 1-0

[Event "Innsbruck op-B 3rd"]
[Site "Innsbruck"]
[Date "2019.08.26"]
[Round "3"]
[White "Schweighofer, Josef"]
[Black "Burdot, Yves"]
[Result "1-0"]
[WhiteElo "1816"]
[BlackElo "1600"]
[PlyCount "53"]
[EventDate "2019.08.25"]
[EventType "swiss"]
[EventRounds "9"]
[EventCountry "AUT"]
[SourceTitle "EXT 2020"]
[Source "ChessBase"]
[SourceDate "2019.10.17"]
[SourceVersion "1"]
[SourceVersionDate "2019.10.17"]
[SourceQuality "1"]

1. d4 Nc6 2. c4 e6 3. e4 g6 4. Nf3 h6 5. Nc3 d6 6. d5 Nb8 7. Be3 Bg7 8. Qd2 Qe7 9. Bd3 b6 10. 0-0 e5 11. h3 g5 12. Nh2 Nf6 13. Be2 Nh7 14. g4 Nd7 15. Kg2 Ndf8 16. Rh1 Ng6 17. Nf1 Nf4+ 18. Kg1 Nf6 19. Ng3 h5 20. Nf5 Qf8 21. Bxf4 exf4 22. Kg2 Bxf5 23. exf5 Qe7 24. Bf3 Nd7 25. Rae1 Be5 26. Nb5 Nb8 27. Rxe5 1-0

[Event "Innsbruck op-B 3rd"]
[Site "Innsbruck"]
[Date "2019.08.25"]
[Round "1"]
[White "Schweighofer, Josef"]
[Black "Leitl, Stefan"]
[Result "1/2-1/2"]
[WhiteElo "1816"]
[BlackElo "1553"]
[PlyCount "93"]
[EventDate "2019.08.25"]
[EventType "swiss"]
[EventRounds "9"]
[EventCountry "AUT"]
[SourceTitle "EXT 2020"]
[Source "ChessBase"]
[SourceDate "2019.10.17"]
[SourceVersion "1"]
[SourceVersionDate "2019.10.17"]
[SourceQuality "1"]

1. d4 Nf6 2. c4 e6 3. Nc3 Bb4 4. e3 Ne4 5. Qc2 Nxc3 6. bxc3 Be7 7. Nf3 0-0 8. Bd3 h6 9. e4 b6 10. 0-0 Ba6 11. Bf4 d6 12. Qe2 Nd7 13. a4 c5 14. Ra2 Bb7 15. Rfa1 a5 16. Rb1 Rb8 17. Rab2 Qc7 18. Nd2 e5 19. Be3 Bc6 20. Bc2 Nf6 21. f4 Nd7 22. Rf1 cxd4 23. cxd4 exd4 24. Bxd4 Nc5 25. Qg4 g6 26. f5 Bg5 27. fxg6 f6 28. Nf3 Qd7 29. Qxd7 Bxd7 30. g3 Ne6 31. Bf2 h5 32. Rfb1 Rbc8 33. Bd3 Nc5 34. Bc2 Nxa4 35. Bxa4 Bxa4 36. Rxb6 Rxc4 37. Rxd6 Rxe4 38. Rd5 Re2 39. h4 Be3 40. Bxe3 Rxe3 41. Kf2 Bc6 42. Kxe3 Bxd5 43. Ra1 Bxf3 44. Kxf3 Ra8 45. Ra4 Kg7 46. Ke4 Kxg6 47. Kf4 1/2-1/2

[Event "Port de Pollensa op"]
[Site "Port de Pollenca"]
[Date "2019.03.23"]
[Round "6"]
[White "Munar Messegue, David1111"]
[Black "Schweighofer, Josef"]
[Result "0-1"]
[WhiteElo "1752"]
[BlackElo "1802"]
[PlyCount "38"]
[EventDate "2019.03.18"]
[EventType "swiss"]
[EventRounds "7"]
[EventCountry "ESP"]
[SourceTitle "CBM 189 Extra"]
[Source "ChessBase"]
[SourceDate "2019.06.03"]
[SourceVersion "1"]
[SourceVersionDate "2019.06.03"]
[SourceQuality "1"]

1. e4 c5 2. Nf3 g6 3. c4 Bg7 4. Nc3 Nc6 5. g3 d6 6. Bg2 e5 7. d3 Nge7 8. 0-0 0-0 9. Nd5 Nxd5 10. cxd5 Nd4 11. Nxd4 cxd4 12. Bd2 f5 13. f4 Qb6 14. b3 Bd7 15. Qe2 Rac8 16. Rfc1 fxe4 17. dxe4 exf4 18. Rxc8 Bxc8 19. gxf4 d3+ 0-1

[Event "Calvia Amateur op 15th"]
[Site "Calvia"]
[Date "2018.10.11"]
[Round "6"]
[White "Schweighofer, Josef"]
[Black "Delgado Espino, Victor Armando"]
[Result "1/2-1/2"]
[WhiteElo "1821"]
[BlackElo "2018"]
[PlyCount "43"]
[EventDate "2018.10.06"]
[EventType "swiss"]
[EventRounds "9"]
[EventCountry "ESP"]
[SourceTitle "CBM 186 Extra"]
[Source "ChessBase"]
[SourceDate "2018.08.24"]
[SourceVersion "1"]
[SourceVersionDate "2018.08.24"]
[SourceQuality "1"]

1. d4 d5 2. c4 e6 3. Nc3 c6 4. Nf3 Nf6 5. e3 Nbd7 6. Be2 Bd6 7. 0-0 0-0 8. Qc2 Re8 9. b3 e5 10. dxe5 Nxe5 11. cxd5 Nxd5 12. Nxd5 cxd5 13. Nxe5 Bxe5 14. Bb2 Qf6 15. Bxe5 Qxe5 16. Rfd1 Bf5 17. Bd3 Rac8 18. Qd2 Be4 19. Bxe4 dxe4 20. Qd4 h6 21. Qxe5 Rxe5 22. Rd2 1/2-1/2

[Event "Calvia Amateur op 15th"]
[Site "Calvia"]
[Date "2018.10.08"]
[Round "3"]
[White "Schweighofer, Josef"]
[Black "Meneses Barahona, Roberto"]
[Result "1-0"]
[WhiteElo "1821"]
[BlackElo "1273"]
[PlyCount "67"]
[EventDate "2018.10.06"]
[EventType "swiss"]
[EventRounds "9"]
[EventCountry "ESP"]
[SourceTitle "CBM 186 Extra"]
[Source "ChessBase"]
[SourceDate "2018.08.24"]
[SourceVersion "1"]
[SourceVersionDate "2018.08.24"]
[SourceQuality "1"]

1. d4 e6 2. c4 c5 3. d5 d6 4. Nc3 Nf6 5. Nf3 Be7 6. e4 0-0 7. Bd3 Ng4 8. h3 Ne5 9. Nxe5 dxe5 10. 0-0 f6 11. Be3 a6 12. a4 b6 13. Qb3 Ra7 14. Rad1 Rb7 15. Be2 a5 16. Rd2 exd5 17. cxd5 Bd6 18. Nb5 Na6 19. Nxd6 Qxd6 20. Bxa6 Rc7 21. Bc4 Kh8 22. f4 Rcf7 23. Rdf2 f5 24. fxe5 Qxe5 25. Qxb6 Rf6 26. Qxc5 Qxe4 27. Bd4 R6f7 28. d6 Be6 29. Re2 Bxc4 30. Rxe4 Bxf1 31. Re7 h6 32. Kxf1 Kg8 33. d7 Rxe7 34. Qxe7 1-0

[Event "Lueneburg op-A"]
[Site "Lueneburg"]
[Date "2017.07.15"]
[Round "8"]
[White "Schweighofer, Josef"]
[Black "Franke, Lutz"]
[Result "0-1"]
[WhiteElo "1850"]
[BlackElo "2139"]
[PlyCount "54"]
[EventDate "2017.07.08"]
[EventType "swiss"]
[EventRounds "9"]
[EventCountry "GER"]
[SourceTitle "CBM 179 Extra"]
[Source "ChessBase"]
[SourceDate "2017.08.23"]
[SourceVersion "1"]
[SourceVersionDate "2017.08.23"]
[SourceQuality "1"]

1. d4 e6 2. c4 f5 3. Nf3 Nf6 4. g3 Be7 5. Bg2 0-0 6. Nc3 d6 7. 0-0 Ne4 8. Rb1 Nxc3 9. bxc3 c6 10. Qb3 Kh8 11. h4 h6 12. Rd1 Qe8 13. Bf4 Nd7 14. c5 dxc5 15. Qxe6 Nb6 16. Qb3 c4 17. Qc2 Nd5 18. Be5 f4 19. Qc1 Qg6 20. Kh2 fxg3+ 21. fxg3 b5 22. e4 Nf6 23. Re1 Ng4+ 24. Kh1 Nxe5 25. Nxe5 Qxg3 26. Kg1 Rf2 27. Ng6+ Kh7 0-1

[Event "Lueneburg op-A"]
[Site "Lueneburg"]
[Date "2017.07.12"]
[Round "5"]
[White "Sander, Rolf"]
[Black "Schweighofer, Josef"]
[Result "1/2-1/2"]
[WhiteElo "2051"]
[BlackElo "1850"]
[PlyCount "77"]
[EventDate "2017.07.08"]
[EventType "swiss"]
[EventRounds "9"]
[EventCountry "GER"]
[SourceTitle "CBM 179 Extra"]
[Source "ChessBase"]
[SourceDate "2017.08.23"]
[SourceVersion "1"]
[SourceVersionDate "2017.08.23"]
[SourceQuality "1"]

1. e4 c5 2. Nf3 g6 3. c3 Bg7 4. d4 cxd4 5. cxd4 d5 6. e5 Bg4 7. Bb5+ Nc6 8. Nbd2 Bxf3 9. Bxc6+ bxc6 10. Nxf3 Nh6 11. 0-0 0-0 12. Bg5 f6 13. exf6 exf6 14. Bxh6 Bxh6 15. Re1 Qb6 16. Qc2 Rfe8 17. Re2 Kf7 18. Rae1 Bf8 19. b3 Qa6 20. g3 Bb4 21. Rxe8 Rxe8 22. Rxe8 Kxe8 23. h4 Kf7 24. h5 Be7 25. hxg6+ hxg6 26. Nh4 f5 27. Nf3 Bf6 28. Qd2 Kg7 29. Qf4 Qxa2 30. Qc7+ Kh6 31. Qf4+ Kg7 32. Qc7+ Kh8 33. Qxc6 Bxd4 34. Qe8+ Kh7 35. Qe7+ Kg8 36. Qd8+ Kg7 37. Qe7+ Kg8 38. Qd8+ Kg7 39. Qe7+ 1/2-1/2

[Event "Calvia Amateur op 13th"]
[Site "Calvia"]
[Date "2016.10.13"]
[Round "6"]
[White "Schweighofer, Josef"]
[Black "Jaumandreu Llopis, Antonio"]
[Result "1/2-1/2"]
[WhiteElo "1820"]
[BlackElo "1497"]
[PlyCount "40"]
[EventDate "2016.10.08"]
[EventType "swiss"]
[EventRounds "9"]
[EventCountry "ESP"]
[SourceTitle "CBM 175 Extra"]
[Source "ChessBase"]
[SourceDate "2016.12.12"]
[SourceVersion "1"]
[SourceVersionDate "2016.12.12"]
[SourceQuality "1"]

1. d4 Nf6 2. c4 c5 3. d5 b5 4. cxb5 a6 5. bxa6 g6 6. Nc3 Bxa6 7. Nf3 d6 8. e4 Bxf1 9. Kxf1 Bg7 10. g3 0-0 11. Kg2 Nbd7 12. Qe2 Qb6 13. Nb5 Nxe4 14. Qxe4 Qxb5 15. Qxe7 Ne5 16. Qxd6 Nxf3 17. Kxf3 Qd3+ 18. Kg2 Qe4+ 19. Kg1 Qe1+ 20. Kg2 Qe4+ 1/2-1/2

[Event "Calvia Amateur op 12th"]
[Site "Calvia"]
[Date "2015.10.13"]
[Round "4"]
[White "Schweighofer, Josef"]
[Black "Sahelices Casado, Roberto"]
[Result "0-1"]
[WhiteElo "1863"]
[BlackElo "2039"]
[PlyCount "44"]
[EventDate "2015.10.10"]
[EventType "swiss"]
[EventRounds "9"]
[EventCountry "ESP"]
[SourceTitle "EXT 2017"]
[Source "ChessBase"]
[SourceDate "2016.10.25"]
[SourceVersion "1"]
[SourceVersionDate "2016.10.25"]
[SourceQuality "1"]

1. d4 Nf6 2. c4 g6 3. Nc3 d5 4. Nf3 Bg7 5. Qb3 dxc4 6. Qxc4 0-0 7. e4 Nc6 8. Be2 Bg4 9. Be3 Bxf3 10. Bxf3 e5 11. d5 Nd4 12. Bd1 c6 13. dxc6 Rc8 14. 0-0 Rxc6 15. Qb4 b5 16. Bxd4 exd4 17. Nxb5 Qb6 18. Qa4 Nxe4 19. Bf3 Re8 20. Rfe1 f5 21. Rad1 d3 22. Rxd3 Qxf2+ 0-1

[Event "Rhodes Colossus op"]
[Site "Rhodes"]
[Date "2015.09.08"]
[Round "9"]
[White "Avagianos, Simeon"]
[Black "Schweighofer, Josef"]
[Result "0-1"]
[WhiteElo "2061"]
[BlackElo "1863"]
[PlyCount "104"]
[EventDate "2015.09.01"]
[EventType "swiss"]
[EventRounds "9"]
[EventCountry "GRE"]
[SourceTitle "EXT 2017"]
[Source "ChessBase"]
[SourceDate "2016.10.25"]
[SourceVersion "1"]
[SourceVersionDate "2016.10.25"]
[SourceQuality "1"]

1. d4 Nf6 2. c4 e6 3. Nc3 Bb4 4. e3 0-0 5. Nge2 b6 6. a3 Be7 7. Ng3 d6 8. Bd3 Bb7 9. 0-0 Re8 10. e4 e5 11. d5 a5 12. b3 Nbd7 13. Nf5 Bf8 14. Re1 g6 15. Nh6+ Kg7 16. Bg5 Be7 17. Qf3 Rf8 18. Ng4 Nxg4 19. Bxe7 Qxe7 20. Qxg4 Nc5 21. Bc2 Bc8 22. Qg3 f5 23. b4 Nxe4 24. Bxe4 fxe4 25. Nxe4 Rf4 26. Qc3 Bf5 27. Ng3 Qh4 28. Rac1 axb4 29. axb4 Ra2 30. f3 Rd4 31. Re2 Rxe2 32. Nxe2 Rd3 33. Qb2 Kh6 34. g3 Qg5 35. f4 Qg4 36. Rf1 Re3 37. Nc1 exf4 38. Qd2 Rf3 39. Rxf3 Qxf3 40. Ne2 Qe3+ 41. Qxe3 fxe3 42. Nc1 Kg5 43. Kf1 Bg4 44. Ne2 Bxe2+ 45. Kxe2 Kg4 46. Kxe3 Kh3 47. Kf4 h6 48. g4 Kxh2 49. Kf3 Kh3 50. Kf4 Kg2 51. g5 h5 52. c5 h4 0-1

[Event "Calvia Amateur op 11th"]
[Site "Calvia"]
[Date "2014.10.05"]
[Round "2"]
[White "Nesse, David"]
[Black "Schweighofer, Josef"]
[Result "0-1"]
[WhiteElo "1450"]
[BlackElo "1897"]
[PlyCount "52"]
[EventDate "2014.10.04"]
[EventType "swiss"]
[EventRounds "9"]
[EventCountry "ESP"]
[SourceTitle "EXT 2015"]
[Source "ChessBase"]
[SourceDate "2014.11.20"]
[SourceVersion "1"]
[SourceVersionDate "2014.11.20"]
[SourceQuality "1"]

1. e4 c5 2. Nc3 g6 3. f4 Bg7 4. Nf3 Nc6 5. Bb5 e6 6. Bxc6 bxc6 7. 0-0 Ne7 8. Na4 0-0 9. Nxc5 Qb6 10. d4 d6 11. Nb3 a5 12. c3 Bb7 13. Qe1 Ba6 14. Rf2 a4 15. Nbd2 c5 16. e5 d5 17. b3 cxd4 18. Nxd4 Rfc8 19. Bb2 Bf8 20. Rf3 Nf5 21. Kh1 a3 22. Bc1 Nxd4 23. cxd4 Qxd4 24. Rb1 Bd3 25. Bxa3 Rxa3 26. Rd1 Bc2 0-1

[Event "Zwettl op"]
[Site "Zwettl"]
[Date "2012.07.28"]
[Round "8"]
[White "Schweighofer, Josef"]
[Black "Rausch, Rudolf"]
[Result "0-1"]
[WhiteElo "1794"]
[BlackElo "1793"]
[PlyCount "104"]
[EventDate "2012.07.21"]
[EventType "swiss"]
[EventRounds "9"]
[EventCountry "AUT"]
[SourceTitle "CBM 149 Extra"]
[Source "ChessBase"]
[SourceDate "2012.08.24"]
[SourceVersion "1"]
[SourceVersionDate "2012.08.24"]
[SourceQuality "1"]

1. d4 d5 2. Nf3 Nf6 3. c4 e6 4. Nc3 Be7 5. Bg5 Nbd7 6. e3 0-0 7. Qc2 h6 8. Bh4 c6 9. c5 Nh7 10. Bg3 Ng5 11. Nd2 Nh7 12. Bd3 Nhf6 13. f4 Nh5 14. Bf2 Bh4 15. g3 Be7 16. Be2 Nhf6 17. h4 b6 18. cxb6 axb6 19. g4 Ba6 20. g5 Nh7 21. Nf3 Bxe2 22. Qxe2 h5 23. Ne5 Nxe5 24. fxe5 g6 25. 0-0 Ra5 26. Be1 Qa8 27. a3 Ra7 28. Bd2 Qb7 29. Rac1 Rc8 30. Na2 c5 31. Qf3 Bf8 32. Bc3 Bg7 33. Rc2 Rc7 34. Rcf2 Qa6 35. Qe2 Qxe2 36. Rxe2 Nf8 37. Rc1 c4 38. Bb4 Nd7 39. Nc3 Ra8 40. Nb5 Rb7 41. Nd6 Rba7 42. Rf2 Bf8 43. Nxf7 Bxb4 44. Nh6+ Kh8 45. axb4 Ra1 46. Rxa1 Rxa1+ 47. Kg2 Ra2 48. Rf7 c3 49. Rxd7 cxb2 50. Rd8+ Kg7 51. Rd7+ Kf8 52. Rf7+ Ke8 0-1

[Event "Zwettl op"]
[Site "Zwettl"]
[Date "2012.07.27"]
[Round "7"]
[White "Schweighofer, Josef"]
[Black "Koller, Hubert"]
[Result "0-1"]
[WhiteElo "1794"]
[BlackElo "2124"]
[PlyCount "128"]
[EventDate "2012.07.21"]
[EventType "swiss"]
[EventRounds "9"]
[EventCountry "AUT"]
[SourceTitle "CBM 149 Extra"]
[Source "ChessBase"]
[SourceDate "2012.08.24"]
[SourceVersion "1"]
[SourceVersionDate "2012.08.24"]
[SourceQuality "1"]

1. e4 d5 2. exd5 Nf6 3. Bb5+ Bd7 4. Bc4 Bg4 5. Nf3 Nxd5 6. h3 Bh5 7. g4 Bg6 8. Ne5 Nb6 9. Bb3 N8d7 10. Nxg6 hxg6 11. Qf3 e6 12. Qxb7 Bd6 13. Nc3 0-0 14. d4 a5 15. a3 a4 16. Ba2 Qe7 17. Be3 Rab8 18. Qe4 c5 19. dxc5 Nxc5 20. Bxc5 Bxc5 21. 0-0 Qh4 22. Kg2 Rfd8 23. Qe2 Bd4 24. Nd1 Qf6 25. c3 Be5 26. Re1 Bf4 27. Ne3 g5 28. Rad1 Bc7 29. Qf3 Rxd1 30. Rxd1 Qe5 31. Rd4 g6 32. Kg1 Kg7 33. Re4 Qh2+ 34. Kf1 Rh8 35. Qg2 Qd6 36. Rd4 Qc5 37. Kg1 Be5 38. Rb4 Rd8 39. Qf3 Bc7 40. Nc4 Nxc4 41. Rxc4 Qe5 42. Rd4 Rxd4 43. cxd4 Qxd4 44. Qc3 Qxc3 45. bxc3 Bd6 46. Kf1 Bxa3 47. Ke2 Bc5 48. f3 Kf6 49. Kd3 Ke5 50. Kc4 Bd6 51. Kb5 Kf4 52. Kxa4 Kxf3 53. Kb5 Kg3 54. Kc6 Ba3 55. Kd7 Kxh3 56. Ke8 Kxg4 57. Kxf7 e5 58. Bb1 Kf4 59. Kxg6 g4 60. Bd3 e4 61. Bf1 g3 62. Kh5 Be7 63. c4 Kf3 64. c5 Bxc5 0-1

[Event "Zwettl op"]
[Site "Zwettl"]
[Date "2012.07.23"]
[Round "3"]
[White "Schweighofer, Josef"]
[Black "Mlynek, Petr"]
[Result "0-1"]
[WhiteElo "1794"]
[BlackElo "2127"]
[PlyCount "98"]
[EventDate "2012.07.21"]
[EventType "swiss"]
[EventRounds "9"]
[EventCountry "AUT"]
[SourceTitle "CBM 149 Extra"]
[Source "ChessBase"]
[SourceDate "2012.08.24"]
[SourceVersion "1"]
[SourceVersionDate "2012.08.24"]
[SourceQuality "1"]

1. e4 c6 2. d4 d5 3. exd5 cxd5 4. Bd3 Nc6 5. c3 Nf6 6. Bf4 Bg4 7. Qb3 Qc8 8. Nd2 e6 9. Ngf3 Be7 10. 0-0 Bh5 11. Ne5 Nxe5 12. Bxe5 0-0 13. Rae1 Bg6 14. Bxg6 hxg6 15. Qd1 b5 16. Re3 b4 17. cxb4 Bxb4 18. a3 Bxd2 19. Qxd2 Qb7 20. Bxf6 gxf6 21. Rc1 Rfc8 22. Rec3 Rxc3 23. Qxc3 a5 24. b4 axb4 25. axb4 Rb8 26. Rb1 Rc8 27. Qb2 Qb5 28. g3 Rc4 29. Kg2 Qb6 30. b5 Rxd4 31. Ra1 Kg7 32. Rc1 Ra4 33. Rc6 Qd4 34. Qxd4 Rxd4 35. Rb6 Rb4 36. Rb8 f5 37. b6 Kf6 38. h4 Ke5 39. Kf3 Rb3+ 40. Ke2 Ke4 41. b7 Rb2+ 42. Kd1 Kf3 43. Kc1 Rb6 44. Kd2 Kxf2 45. Kd3 e5 46. Kc3 e4 47. Kd4 e3 48. Re8 Rxb7 49. Rxe3 Rb4+ 0-1

[Event "Waldviertler-ch"]
[Site "Litschau"]
[Date "2005.06.11"]
[Round "2"]
[White "Schweighofer, Josef"]
[Black "Plasil, Jiri"]
[Result "0-1"]
[WhiteElo "1814"]
[BlackElo "2129"]
[PlyCount "128"]
[EventDate "2005.06.09"]
[EventType "swiss"]
[EventRounds "5"]
[EventCountry "AUT"]
[SourceTitle "EXT 2006"]
[Source "ChessBase"]
[SourceDate "2005.11.24"]
[SourceVersion "1"]
[SourceVersionDate "2005.11.24"]
[SourceQuality "1"]

1. d4 d5 2. c4 Nc6 3. Nf3 Bg4 4. cxd5 Bxf3 5. gxf3 Qxd5 6. e3 e5 7. Nc3 Bb4 8. a3 Bxc3+ 9. bxc3 Qd6 10. d5 Nce7 11. e4 Nf6 12. Qa4+ Nd7 13. Bh3 c6 14. c4 0-0 15. Be3 Nc5 16. Bxc5 Qxc5 17. Qb4 Qxb4+ 18. axb4 cxd5 19. exd5 f5 20. 0-0 Ng6 21. Rfe1 a6 22. d6 Rf6 23. c5 Kf7 24. Re3 Rc8 25. Bf1 Ke8 26. Bc4 Kd7 27. Bd5 Rb8 28. Rc1 Kd8 29. Bxb7 Rxb7 30. c6 Rc7 31. dxc7+ Kxc7 32. Ra3 Nf4 33. Rc2 Rg6+ 34. Kf1 Rd6 35. Rc1 Nd3 36. Rd1 Nxb4 37. Rxd6 Kxd6 38. Rb3 a5 39. Ke2 Nxc6 40. Kd2 Kd5 41. Rd3+ Nd4 42. Ra3 Nc6 43. Rd3+ Nd4 44. Ra3 Ke6 45. Rd3 f4 46. Kc3 Kd5 47. Kb2 g5 48. h3 h5 49. Ra3 a4 50. Rd3 e4 51. fxe4+ Kxe4 52. Ra3 Ne6 53. f3+ Kd4 54. Rxa4+ Kd3 55. Ra5 Ke3 56. Re5+ Kxf3 57. Rxe6 g4 58. hxg4 hxg4 59. Kc3 g3 60. Kd2 Kf2 61. Re2+ Kg1 62. Re1+ Kg2 63. Re2+ Kf3 64. Ke1 g2 0-1